MLB 2024 Pitching Stat Leaders - Statistics

General Stats
  • This quiz has been taken 53 times
  • The average score is 79 of 150
Answer Stats
Team Stat Answer % Correct
Yankees ERA Luis Gil (3.50)
87%
Phillies IP Zack Wheeler (200)
87%
Phillies K Zack Wheeler (224)
87%
Phillies ERA Zack Wheeler (2.57)
87%
Phillies WAR Zack Wheeler (5.4)
87%
Braves IP Chris Sale (177.2)
82%
Braves K Chris Sale (225)
82%
Braves ERA Chris Sale (2.38)
82%
Braves WAR Chris Sale (6.4)
82%
Orioles K Corbin Burnes (181)
79%
Orioles IP Corbin Burnes (194.1)
79%
Orioles ERA Corbin Burnes (2.92)
79%
Orioles WAR Corbin Burnes (3.7)
79%
Astros IP Framber Valdez (176.1)
79%
Astros WAR Framber Valdez (3.6)
79%
Pirates K Paul Skenes (170)
79%
Pirates WAR Paul Skenes (4.3)
79%
Tigers IP Tarik Skubal (192)
77%
Tigers K Tarik Skubal (228)
77%
Tigers ERA Tarik Skubal (2.39)
77%
Tigers WAR Tarik Skubal (5.9)
77%
Giants K Logan Webb (172)
74%
Giants IP Logan Webb (204.2)
74%
Giants ERA Logan Webb (3.47)
74%
Giants WAR Logan Webb (4.4)
74%
White Sox K Garrett Crochet (209)
72%
White Sox ERA Garrett Crochet (3.58)
72%
White Sox WAR Garrett Crochet (4.7)
72%
Cubs IP Shota Imanaga (173.1)
72%
Cubs K Shota Imanaga (174)
72%
Cubs ERA Shota Imanaga (2.91)
72%
Cubs WAR Shota Imanaga (3.0)
72%
Cardinals K Sonny Gray (203)
72%
Cardinals WAR Sonny Gray (3.8)
72%
Cardinals ERA Sonny Gray (3.84)
72%
Astros SV Josh Hader (34)
69%
Rangers K Nathan Eovaldi (166)
69%
Rangers IP Nathan Eovaldi (170.2)
69%
Rangers WAR Nathan Eovaldi (2.7)
69%
Rangers ERA Nathan Eovaldi (3.80)
69%
Dodgers K Tyler Glasnow (168)
69%
Dodgers ERA Tyler Glasnow (3.49)
69%
Dodgers WAR Tyler Glasnow (3.8)
69%
Guardians SV Emmanuel Clase (47)
67%
Mariners IP Logan Gilbert (208.2)
67%
Mariners K Logan Gilbert (220)
67%
Padres ERA Michael King (2.95)
67%
Mariners ERA Bryce Miller (2.94)
64%
Yankees IP Carlos Rodon (175)
64%
Yankees K Carlos Rodon (195)
64%
Padres IP Dylan Cease (189.1)
64%
Padres K Dylan Cease (224)
64%
Padres WAR Dylan Cease (4.8)
64%
Athletics SV Mason Miller (28)
64%
Blue Jays SV Chad Green (17)
62%
Brewers IP Freddy Peralta (173.2)
62%
Brewers K Freddy Peralta (200)
62%
Brewers WAR Freddy Peralta (2.3)
62%
Brewers ERA Freddy Peralta (3.68)
62%
Blue Jays WAR Kevin Gausman (2.9)
62%
Yankees SV Clay Holmes (30)
59%
Red Sox SV Kenley Jansen (27)
59%
Padres SV Robert Suarez (36)
59%
Giants SV Camilo Doval (23)
56%
Royals K Cole Ragans (223)
56%
Royals WAR Cole Ragans (4.9)
56%
Astros K Hunter Brown (179)
56%
Royals IP Seth Lugo (206.2)
56%
Royals ERA Seth Lugo (3.00)
56%
Reds SV Alexis Diaz (28)
54%
Mets SV Edwin Diaz (20)
54%
Mariners WAR George Kirby (4.2)
54%
Reds IP Hunter Greene (150.1)
54%
Reds K Hunter Greene (169)
54%
Reds ERA Hunter Greene (2.75)
54%
Reds WAR Hunter Greene (3.8)
54%
Twins IP Pablo Lopez (185.1)
54%
Twins K Pablo Lopez (198)
54%
Twins WAR Pablo Lopez (3.2)
54%
Braves SV Raisel Iglesias (34)
54%
Orioles SV Craig Kimbrel (23)
51%
Twins SV Jhoan Duran (23)
51%
Blue Jays IP Jose Berrios (192.1)
51%
Blue Jays ERA Jose Berrios (3.60)
51%
Cardinals SV Ryan Helsley (49)
51%
Mets IP Luis Severino (182)
49%
Astros ERA Ronel Blanco (2.80)
49%
Mariners SV Andres Muñoz (22)
46%
Nationals K MacKenzie Gore (181)
46%
Nationals WAR MacKenzie Gore (3.2)
46%
Nationals ERA MacKenzie Gore (3.90)
46%
Mets K Sean Manaea (184)
46%
Mets WAR Sean Manaea (2.8)
46%
Mets ERA Sean Manaea (3.47)
46%
Red Sox ERA Tanner Houck (3.12)
46%
Red Sox WAR Tanner Houck (3.9)
46%
Marlins SV Tanner Scott (17)
46%
Red Sox K Kutter Crawford (175)
44%
Red Sox IP Kutter Crawford (183.1)
44%
Pirates IP Mitch Keller (178)
44%
Pirates ERA Mitch Keller (4.25)
44%
Diamondbacks IP Brandon Pfaadt (181.2)
41%
Diamondbacks K Brandon Pfaadt (185)
41%
Diamondbacks WAR Brandon Pfaadt (3.1)
41%
Pirates SV David Bednar (23)
41%
Yankees WAR Nestor Cortes (3.1)
41%
Guardians IP Tanner Bibee (173.2)
41%
Guardians K Tanner Bibee (187)
41%
Guardians WAR Tanner Bibee (3.3)
41%
Guardians ERA Tanner Bibee (3.47)
41%
Nationals SV Kyle Finnegan (38)
38%
Diamondbacks SV Paul Sewald (16)
38%
Angels SV Carlos Estevez (20)
36%
Dodgers SV Evan Phillips (18)
36%
Athletics WAR JP Sears (1.2)
36%
Athletics K JP Sears (137)
36%
Athletics IP JP Sears (180.2)
36%
Athletics ERA JP Sears (4.38)
36%
Angels K Tyler Anderson (142)
36%
Angels WAR Tyler Anderson (1.6)
36%
Angels IP Tyler Anderson (179.2)
36%
Angels ERA Tyler Anderson (3.81)
36%
Phillies SV Jose Alvarado (13)
33%
Rangers SV Kirby Yates (33)
33%
Cardinals IP Miles Mikolas (171.2)
33%
Marlins K Edward Cabrera (107)
31%
Rays SV Pete Fairbanks (23)
31%
Brewers SV Trevor Megill (21)
31%
Twins ERA Bailey Ober (3.98)
28%
Blue Jays K Chris Bassitt (168)
28%
Cubs SV Hector Neris (17)
26%
Tigers SV Jason Foley (28)
26%
Rays IP Zack Littell (156.1)
23%
Rays WAR Zack Littell (2.3)
23%
Rays ERA Zack Littell (3.63)
23%
Rays K Taj Bradley (154)
21%
Marlins IP Trevor Rogers (105.1)
21%
Marlins ERA Trevor Rogers (4.53)
21%
Dodgers IP Gavin Stone (140.1)
18%
Nationals IP Jake Irvin (187.2)
18%
Rockies IP Austin Gomber (165)
15%
White Sox SV Michael Kopech (9)
15%
Rockies K Ryan Feltner (138)
15%
Rockies WAR Ryan Feltner (2.4)
15%
Rockies ERA Ryan Feltner (4.49)
15%
White Sox IP Chris Flexen (160)
13%
Royals SV James McArthur (18)
13%
Marlins WAR Ryan Weathers (1.1)
13%
Diamondbacks ERA Ryne Nelson (4.24)
13%
Rockies SV Tyler Kinley (12)
5%
No matching quizzes found
Score Distribution
Percent of People with Each Score
Percentile by Number Answered
Your Score History
You have not taken this quiz